header

Designing Visual Basic.NET applications (Record no. 1781)

MARC details
000 -LEADER
fixed length control field 01166nam a22003134a 4500
082 04 - DEWEY DECIMAL CLASSIFICATION NUMBER
Classification number 005.2/768
100 1# - MAIN ENTRY--AUTHOR NAME
Personal name Vitter, David.
245 10 - TITLE STATEMENT
Title Designing Visual Basic.NET applications
260 ## - PUBLICATION, DISTRIBUTION, ETC. (IMPRINT)
Place of publication Scottsdale, AZ :
Name of publisher Coriolis Group Books,
Year of publication c2001.
300 ## - PHYSICAL DESCRIPTION
Number of Pages xx, 524 p. :
Other physical details ill.
500 ## - GENERAL NOTE
General note Includes index.
650 #0 - SUBJECT ADDED ENTRY--TOPICAL TERM
Topical Term Application software
Topical Term Microsoft .NET Framework.
856 40 - ELECTRONIC LOCATION AND ACCESS
Uniform Resource Identifier http://site.ebrary.com/lib/rucke/Doc?id=5003059

No items available.

© 2026 Rongo University
Contact us: librarian | system librarian | Rongo university